[Event "AUS-ch Minor"]
[Site "Cammeray"]
[Date "2011.01.13"]
[Round "11"]
[White "Souffron, Marc"]
[Black "Jeffreys, Roger W"]
[Result "1-0"]
[WhiteElo "1166"]
[BlackElo "1254"]
[PlyCount "129"]
[EventDate "2011.01.02"]
[EventType "swiss"]
[EventRounds "11"]
[EventCountry "AUS"]
[SourceTitle "EXT 2012"]
[Source "ChessBase"]
[SourceDate "2011.11.24"]
[SourceVersion "1"]
[SourceVersionDate "2011.11.24"]
[SourceQuality "1"]

1. e4 c6 2. d4 d5 3. e5 Bf5 4. Bd3 Bxd3 5. Qxd3 e6 6. Nf3 Qa5+ 7. Bd2 Qa6 8. Qxa6 Nxa6 9. 0-0 h5 10. h4 Nh6 11. Ng5 Nf5 12. Nf3 Nb4 13. Bxb4 Bxb4 14. c3 Be7 15. g3 Kd7 16. Nbd2 Rac8 17. b4 b6 18. Rab1 Rc7 19. c4 Rhc8 20. c5 Rb7 21. Rb3 bxc5 22. bxc5 Rxb3 23. Nxb3 Rb8 24. Rb1 Bd8 25. Nbd2 Rxb1+ 26. Nxb1 Ba5 27. Na3 Bc3 28. Nc2 a5 29. Kf1 Ke7 30. Ke2 a4 31. Kd3 Ba5 32. Ne3 Nh6 33. Kc2 f6 34. Nd1 Nf7 35. Nb2 fxe5 36. Nxe5 Nxe5 37. dxe5 Be1 38. Nd3 Ba5 39. Kb2 Kd7 40. Ka3 Bd8 41. Kxa4 g5 42. hxg5 Bxg5 43. Kb3 h4 44. gxh4 Bxh4 45. Kc2 Kc7 46. f4 Kb7 47. Kd2 Ka6 48. Ke3 Kb5 49. Kd4 Be7 50. Kc3 Bxc5 51. Nxc5 Kxc5 52. a3 d4+ 53. Kd3 Kd5 54. a4 c5 55. a5 c4+ 56. Kc2 Kc6 57. a6 Kb6 58. f5 exf5 59. e6 Kxa6 60. e7 Kb6 61. e8Q Kc5 62. Qe5+ Kb4 63. Qxd4 f4 64. Qxf4 Kc5 65. Kc3 1-0

[Event "AUS-ch Minor"]
[Site "Cammeray"]
[Date "2011.01.09"]
[Round "7"]
[White "Willathgamuwa, Rowan"]
[Black "Jeffreys, Roger W"]
[Result "1/2-1/2"]
[WhiteElo "850"]
[BlackElo "1254"]
[PlyCount "70"]
[EventDate "2011.01.02"]
[EventType "swiss"]
[EventRounds "11"]
[EventCountry "AUS"]
[SourceTitle "EXT 2012"]
[Source "ChessBase"]
[SourceDate "2011.11.24"]
[SourceVersion "1"]
[SourceVersionDate "2011.11.24"]
[SourceQuality "1"]

1. e4 c6 2. d4 d5 3. e5 Bf5 4. c3 e6 5. Nf3 Nd7 6. Be2 Ne7 7. Be3 Qb6 8. Qd2 h6 9. b3 0-0-0 10. 0-0 f6 11. Re1 Bg4 12. h3 Bxf3 13. Bxf3 Nf5 14. Bg4 Nxe3 15. Qxe3 f5 16. Bh5 Be7 17. f4 Rdf8 18. Nd2 g5 19. Nf3 Qd8 20. c4 gxf4 21. Qxf4 Bg5 22. Qg3 Rhg8 23. Nxg5 Qxg5 24. Qxg5 hxg5 25. Be2 Rh8 26. cxd5 cxd5 27. Kh2 Rh4 28. Rac1+ Kb8 29. g4 f4 30. Rf1 Rhh8 31. a4 Rc8 32. Bb5 Rh7 33. Rxc8+ Kxc8 34. Rc1+ Kd8 35. Bd3 Rh8 1/2-1/2

[Event "AUS-ch Minor"]
[Site "Cammeray"]
[Date "2011.01.06"]
[Round "5"]
[White "Chiara, Vincent"]
[Black "Jeffreys, Roger W"]
[Result "1-0"]
[WhiteElo "1359"]
[BlackElo "1254"]
[PlyCount "107"]
[EventDate "2011.01.02"]
[EventType "swiss"]
[EventRounds "11"]
[EventCountry "AUS"]
[SourceTitle "EXT 2012"]
[Source "ChessBase"]
[SourceDate "2011.11.24"]
[SourceVersion "1"]
[SourceVersionDate "2011.11.24"]
[SourceQuality "1"]

1. c4 c5 2. Nf3 Nf6 3. Nc3 Nc6 4. g3 g6 5. Bg2 Bg7 6. 0-0 0-0 7. d4 cxd4 8. Nxd4 Nxd4 9. Qxd4 d6 10. Bg5 h6 11. Be3 a6 12. Qd2 Kh7 13. Rac1 Qc7 14. b3 Be6 15. Rfd1 Rab8 16. c5 Ne8 17. cxd6 Qxd6 18. Ne4 Qxd2 19. Rxd2 Nf6 20. Rc7 Nd5 21. Rc1 Nxe3 22. fxe3 b6 23. Rc7 Rfe8 24. Nf2 Rbc8 25. Rdc2 Be5 26. R7c6 Rxc6 27. Rxc6 Rb8 28. Nd3 Bd6 29. Nf4 Bd7 30. Rc1 Rc8 31. Rxc8 Bxc8 32. Nd5 b5 33. b4 Kg7 34. a3 Bb7 35. e4 Bc8 36. Kf2 f6 37. Ke3 Kf7 38. Kd4 e5+ 39. Kc3 Be6 40. Ne3 Ke7 41. Bf3 a5 42. Ng2 axb4+ 43. axb4 g5 44. Ne3 Kf7 45. Bh5+ Ke7 46. Bg6 Bf7 47. Nf5+ Kd7 48. Bxf7 Bf8 49. Bh5 Kc7 50. Ne3 Kd6 51. Nd5 Bg7 52. Ne3 Kd7 53. Bg4+ Kd6 54. Nf5+ 1-0

[Event "AUS-ch Minor"]
[Site "Cammeray"]
[Date "2011.01.05"]
[Round "4"]
[White "Jeffreys, Roger W"]
[Black "Laurie, Robert"]
[Result "1-0"]
[WhiteElo "1254"]
[BlackElo "1319"]
[PlyCount "59"]
[EventDate "2011.01.02"]
[EventType "swiss"]
[EventRounds "11"]
[EventCountry "AUS"]
[SourceTitle "EXT 2012"]
[Source "ChessBase"]
[SourceDate "2011.11.24"]
[SourceVersion "1"]
[SourceVersionDate "2011.11.24"]
[SourceQuality "1"]

1. d4 Nf6 2. Nf3 d6 3. c4 g6 4. Nc3 Bg7 5. e4 0-0 6. Be2 c5 7. d5 a6 8. 0-0 Nbd7 9. h3 Nb6 10. Bg5 Qc7 11. Qd2 Re8 12. Bh6 e6 13. Bxg7 Kxg7 14. Qc2 exd5 15. exd5 Bf5 16. Bd3 Qd7 17. Bxf5 Qxf5 18. Qxf5 gxf5 19. b3 Ne4 20. Rac1 Nd7 21. Rfe1 f6 22. Kf1 Nxc3 23. Rxc3 Ne5 24. Nh4 f4 25. Nf5+ Kg6 26. Nxd6 Re7 27. Ne4 b6 28. g3 f3 29. Nd2 Rae8 30. Rce3 1-0

[Event "AUS-ch Minor"]
[Site "Cammeray"]
[Date "2011.01.04"]
[Round "3"]
[White "Roche, Stephen"]
[Black "Jeffreys, Roger W"]
[Result "0-1"]
[WhiteElo "1301"]
[BlackElo "1254"]
[PlyCount "59"]
[EventDate "2011.01.02"]
[EventType "swiss"]
[EventRounds "11"]
[EventCountry "AUS"]
[SourceTitle "EXT 2012"]
[Source "ChessBase"]
[SourceDate "2011.11.24"]
[SourceVersion "1"]
[SourceVersionDate "2011.11.24"]
[SourceQuality "1"]

1. e4 c6 2. d4 d5 3. Nc3 dxe4 4. Nxe4 Bf5 5. Ng3 Bg6 6. Nf3 Nd7 7. Be2 Ngf6 8. Nh4 e6 9. Nxg6 hxg6 10. 0-0 Bd6 11. h3 Qc7 12. Qe1 0-0-0 13. c4 c5 14. Be3 cxd4 15. Bxd4 Nc5 16. Bxf6 gxf6 17. b4 Nd3 18. Bxd3 Bxg3 19. Be4 Be5 20. Rc1 f5 21. Bf3 Bd4 22. c5 Qg3 23. c6 Rxh3 24. cxb7+ Kb8 25. Qe5+ Qxe5 26. gxh3 Qg3+ 27. Bg2 f4 28. Kh1 Bxf2 29. Rc2 Be3 30. Rf3 0-1

[Event "Sydney Centenary U1600"]
[Site "Sydney"]
[Date "2009.01.11"]
[Round "11"]
[White "Jeffreys, Roger W"]
[Black "Koh, Clarise"]
[Result "1-0"]
[WhiteElo "1517"]
[BlackElo "1038"]
[PlyCount "127"]
[EventDate "2009.01.02"]
[EventType "swiss"]
[EventRounds "11"]
[EventCountry "AUS"]
[SourceTitle "EXT 2023"]
[Source "ChessBase"]
[SourceDate "2022.10.05"]
[SourceVersion "1"]
[SourceVersionDate "2022.10.05"]
[SourceQuality "1"]

1. d4 d5 2. c4 Nc6 3. cxd5 Qxd5 4. Nf3 Nf6 5. Nc3 Qd6 6. e3 Bg4 7. Be2 0-0-0 8. 0-0 Bxf3 9. Bxf3 e5 10. dxe5 Qxd1 11. Rxd1 Rxd1+ 12. Bxd1 Nxe5 13. a3 Bd6 14. h3 h5 15. Be2 g5 16. Nb5 Kd7 17. b4 a6 18. Nd4 c5 19. bxc5 Bxc5 20. Bb2 Re8 21. Rd1 Kc7 22. Nb3 Bb6 23. Nd4 g4 24. hxg4 hxg4 25. Ba1 Ne4 26. Nf5 Nf6 27. Rc1+ Kd7 28. Nd4 Rc8 29. Rxc8 Kxc8 30. Nf5 Bc7 31. f4 gxf3 32. gxf3 Bb6 33. Bxe5 Nd5 34. Kf2 f6 35. Bd4 Bxd4 36. Nxd4 Nc3 37. Bd3 Nd1+ 38. Ke2 Nb2 39. Bf5+ Kc7 40. Be6 Na4 41. Nc2 b5 42. e4 Nc5 43. Bg8 a5 44. Ke3 Na6 45. Kd4 Kd6 46. f4 b4 47. axb4 Nxb4 48. Nxb4 axb4 49. Kc4 b3 50. Kxb3 f5 51. e5+ Ke7 52. Kc3 Kf8 53. Be6 Ke7 54. Bxf5 Kf7 55. Kd4 Ke8 56. Kd5 Ke7 57. Bg4 Kd8 58. Kd6 Ke8 59. Bh5+ Kf8 60. e6 Kg7 61. e7 Kh6 62. e8Q Kh7 63. Ke6 Kh6 64. Qg6# 1-0

[Event "Sydney Centenary U1600"]
[Site "Sydney"]
[Date "2009.01.09"]
[Round "9"]
[White "Cervenjak, Mark"]
[Black "Jeffreys, Roger W"]
[Result "1/2-1/2"]
[WhiteElo "1299"]
[BlackElo "1517"]
[PlyCount "75"]
[EventDate "2009.01.02"]
[EventType "swiss"]
[EventRounds "11"]
[EventCountry "AUS"]
[SourceTitle "EXT 2023"]
[Source "ChessBase"]
[SourceDate "2022.10.05"]
[SourceVersion "1"]
[SourceVersionDate "2022.10.05"]
[SourceQuality "1"]

1. e4 e6 2. c4 d5 3. cxd5 exd5 4. e5 Be6 5. d4 Be7 6. Nf3 Nc6 7. Bb5 a6 8. Bxc6+ bxc6 9. 0-0 Nh6 10. Nc3 Nf5 11. Ne2 0-0 12. Ng3 Nxg3 13. fxg3 h6 14. b3 c5 15. Nh4 Qd7 16. h3 Rab8 17. Qh5 Kh7 18. Nf5 Bxf5 19. Rxf5 Rb6 20. Rxf7 Rxf7 21. Qxf7 cxd4 22. Ba3 c5 23. Bxc5 Rb7 24. e6 Qc7 25. Bxd4 Qxg3 26. Rc1 Bf6 27. Qxb7 Bxd4+ 28. Kh1 Be5 29. Kg1 Qe3+ 30. Kf1 Qxc1+ 31. Ke2 Qc2+ 32. Kf3 Qf5+ 33. Ke2 Qxe6 34. Kd1 Bf6 35. g4 d4 36. Qf3 Qe3 37. Qf5+ g6 38. Qxf6 1/2-1/2

[Event "Sydney Centenary U1600"]
[Site "Sydney"]
[Date "2009.01.08"]
[Round "8"]
[White "Jeffreys, Roger W"]
[Black "Radovan, John L"]
[Result "0-1"]
[WhiteElo "1517"]
[BlackElo "1322"]
[PlyCount "106"]
[EventDate "2009.01.02"]
[EventType "swiss"]
[EventRounds "11"]
[EventCountry "AUS"]
[SourceTitle "EXT 2023"]
[Source "ChessBase"]
[SourceDate "2022.10.05"]
[SourceVersion "1"]
[SourceVersionDate "2022.10.05"]
[SourceQuality "1"]

1. d4 d5 2. c4 c6 3. cxd5 cxd5 4. Nf3 Nf6 5. Nc3 e6 6. Bf4 Be7 7. e3 0-0 8. Bd3 Nc6 9. Ne5 Bd7 10. 0-0 Ne8 11. a3 g6 12. Bh6 Ng7 13. Nxc6 Bxc6 14. Bf4 Qd7 15. Re1 Rfc8 16. Rc1 Ne8 17. e4 dxe4 18. Bxe4 Nf6 19. Be5 Nxe4 20. Nxe4 Bxe4 21. Rxe4 Rxc1 22. Qxc1 Rc8 23. Qd2 Qd5 24. f3 Qc4 25. Re1 Bf8 26. Rd1 Bg7 27. Rf1 Qd5 28. Bxg7 Kxg7 29. Rd1 Rc6 30. Qe2 Rd6 31. Qe4 Rd7 32. Qxd5 Rxd5 33. Kf2 Kf6 34. Ke3 e5 35. Ke4 Rxd4+ 36. Rxd4 exd4 37. Kxd4 Ke6 38. Ke4 f6 39. g4 h6 40. h4 b6 41. f4 Kd6 42. Kd4 a6 43. b3 Kc6 44. g5 fxg5 45. h5 gxh5 46. f5 Kd6 47. Ke4 h4 48. Kf3 h5 49. b4 h3 50. Kg3 h2 51. Kxh2 Ke5 52. f6 Kxf6 53. Kg3 Ke5 0-1

[Event "Sydney Centenary U1600"]
[Site "Sydney"]
[Date "2009.01.03"]
[Round "3"]
[White "Jeffreys, Roger W"]
[Black "Baker, John A"]
[Result "0-1"]
[WhiteElo "1517"]
[BlackElo "1276"]
[PlyCount "128"]
[EventDate "2009.01.02"]
[EventType "swiss"]
[EventRounds "11"]
[EventCountry "AUS"]
[SourceTitle "EXT 2023"]
[Source "ChessBase"]
[SourceDate "2022.10.05"]
[SourceVersion "1"]
[SourceVersionDate "2022.10.05"]
[SourceQuality "1"]

1. d4 d5 2. c4 e6 3. Nc3 Nf6 4. cxd5 exd5 5. Bg5 Be7 6. Qc2 0-0 7. e3 Nbd7 8. Bd3 h6 9. Bh4 c6 10. Nf3 Qc7 11. Bg3 Bd6 12. Ne2 Re8 13. 0-0 Ne4 14. Bxd6 Qxd6 15. Ng3 Ndf6 16. h3 Nxg3 17. fxg3 Qxg3 18. Qf2 Qxf2+ 19. Kxf2 Ne4+ 20. Kg1 Ng3 21. Rfe1 Bf5 22. Bxf5 Nxf5 23. Kf2 Re6 24. Re2 Rae8 25. Rae1 Nd6 26. Nd2 f5 27. Kf1 Rf6 28. Kg1 Rfe6 29. Kf1 g5 30. Kf2 Rf6 31. Kg1 h5 32. Nf3 Ne4 33. Ne5 Rfe6 34. Kh2 h4 35. Nf3 Rh6 36. Nd2 Ng3 37. Rf2 Rhe6 38. Rf3 f4 39. Nf1 Nxf1+ 40. Rfxf1 Rxe3 41. Rd1 Rf8 42. Rde1 Rfe8 43. Rd1 R8e4 44. Kg1 Kg7 45. Rf2 Re2 46. Rxe2 Rxe2 47. Kf1 Rxb2 48. Re1 Kf6 49. a3 Rb3 50. Re8 Kf5 51. Kf2 Rxa3 52. Rb8 Rb3 53. Ke2 Ke4 54. Rg8 Rb2+ 55. Kf1 Kxd4 56. Rxg5 Ke4 57. Rg4 Ke3 58. Kg1 d4 59. Rxh4 d3 60. Rh7 Rb1+ 61. Kh2 c5 62. Re7+ Kf2 63. Re4 d2 64. Rxf4+ Ke3 0-1